| 000 | 00867cab a2200241 4500 | ||
|---|---|---|---|
| 001 | ABS52148 | ||
| 008 | 090401t1995 xxu||||| |||| 00| 0 eng d | ||
| 035 | _a(Sirsi) u63563 | ||
| 041 | _aeng | ||
| 245 | _aPension funds : Barber explained | ||
| 260 | _c1995 | ||
| 350 | _a0 | ||
| 490 |
_aEstates Gazette _v(9501) 7 January 1995, 108-109(2) |
||
| 520 | _aMainly for Students article discussing the European pensions law case "Barber v Guardian Royal Exchange Assurance Group" which held that difference retirement ages for men and women were unlawful because they resulted in unequal pension benefits. | ||
| 650 | _aBARBER V GUARDIAN ROYAL EXCHANGE ASSURANCE GROUP | ||
| 650 | _aEQUAL OPPORTUNITES | ||
| 650 | _aEUROPEAN LAW CASE | ||
| 650 | _aRETIREMENT AGE | ||
| 650 | _aTREATY OF ROME ARTICLE | ||
| 690 | _aLAW | ||
| 942 | _n0 | ||
| 948 | _c04/03/1997 | ||
| 999 |
_c39511 _d39511 |
||